000 01086nam a22003014c 4500
003 AR-BaSMT
008 240627t2022 enka|||ar|||| 000 1 ing d
020 _a9781474964449
040 _aBSGB
_bespañol
_erda
041 0 _aing
_hInglés
080 _a82-34
100 1 _aMackinnon, Mairi
_9450
245 1 4 _aThe Mourse's Wedding
264 _aLondres :
_bUsborne,
_c2022
300 _a24 páginas ;
_bilustraciones color
336 _2rdacontent
_atexto
_btxt
337 _2rdamedia
_asin mediación
_bn
338 _2rdacarrier
_avolumen
_bnc
490 _aUsborne English Readers Starter Level
500 _aWith activities and free audio
520 _aFather Mouse and Mother MOuse always want the best for their daughter, including the best possible husband... but Father Mouse has some rather grand and impractical ideas. Will Molly Mouse end up with the husband she really wants?
521 _aPrimaria
650 7 _98
_aLITERATURA INFANTIL
_vInglés
650 7 _923
_aCUENTO
700 1 _aRomán, Gemma
_9486
_eIlustrador
942 _2ddc
_aBOOK
999 _c649
_d649